Statistics for Leif Erikson Quiz

Click here to take the quiz!

General Stats

  • This quiz has been taken 49 times
  • The average score is 5 of 14

Answer Stats

HintAnswer% Correct
His full nameLeif Erikson
77%
Where he was born (Country)Icelandic Commonwealth
74%
His dad (Hint: First Norse settlement in Greenland)Erik the Red
71%
Where he died ("Country")Greenland
48%
Year he (accidentally) discovered America (5 year buffer)999
42%
Part of Canada he arrived atNewfoundland
39%
Year born970
32%
What did he called that placeVinland
32%
Year died1020
29%
When is Leif Erikson Day9 October
23%
His motherThjodhild
16%
His "foster father"Tyrker
13%
What was the first city with a statue of Leif inBoston
6%
Painter who painted "Leif Erikson discovers America" (1893)Christian Krohg
3%

Score Distribution

Percentile by Number Answered

Percent of People with Each Score

Your Score History

You have not taken this quiz